000 00271nam a2200109Ia 4500
008 220204s9999 xx 000 0 und d
082 _a338.43.01(540)
_bDHA
100 _aDHARMNARAIN
245 0 _aStudies on Indian agriculture
260 _aDelhi
_bOUP
_c1988
942 _cBK
999 _c39954
_d39954